<?xml version="1.0" encoding="UTF-8"?>
<record
    xmlns:xsi="http://www.w3.org/2001/XMLSchema-instance"
    xsi:schemaLocation="http://www.loc.gov/MARC21/slim http://www.loc.gov/standards/marcxml/schema/MARC21slim.xsd"
    xmlns="http://www.loc.gov/MARC21/slim">

  <leader>04924nam a2200337 a 4500</leader>
  <controlfield tag="003">OSt</controlfield>
  <controlfield tag="005">20250815125834.0</controlfield>
  <controlfield tag="007">cr ||||||a|a|a</controlfield>
  <controlfield tag="008">250807s2025    mx a|||fom||| 001 0 spa d</controlfield>
  <datafield tag="040" ind1=" " ind2=" ">
    <subfield code="e">rda</subfield>
  </datafield>
  <datafield tag="100" ind1="1" ind2=" ">
    <subfield code="a">Reyes Sol&#xF3;rzano, Juan Antonio</subfield>
    <subfield code="9">190830</subfield>
  </datafield>
  <datafield tag="245" ind1="1" ind2="0">
    <subfield code="a">Uso de Bacillus megaterium como bacteria promotora de crecimiento vegetal en Zinnia elegans/</subfield>
    <subfield code="c">por Juan Antonio Reyes Sol&#xF3;rzano; director de tesis Mar&#xED;a de los &#xC1;ngeles Rodr&#xED;guez Elizalde; secretario Alejandro Alarc&#xF3;n; vocal Ma. Teresa Colinas Le&#xF3;n; suplente Jos&#xE9; Merced Mej&#xED;a Mu&#xF1;oz; suplente Samuel S&#xE1;nchez Dom&#xED;nguez</subfield>
  </datafield>
  <datafield tag="264" ind1=" " ind2="1">
    <subfield code="a">Chapingo, M&#xE9;xico :</subfield>
    <subfield code="b">El autor,</subfield>
    <subfield code="c">2024.</subfield>
  </datafield>
  <datafield tag="300" ind1=" " ind2=" ">
    <subfield code="a">1 recurso en l&#xED;nea (98 p&#xE1;ginas):</subfield>
    <subfield code="b">cuadros, figuras.</subfield>
  </datafield>
  <datafield tag="336" ind1=" " ind2=" ">
    <subfield code="2">rdacontent</subfield>
    <subfield code="a">texto</subfield>
    <subfield code="b">txt</subfield>
  </datafield>
  <datafield tag="337" ind1=" " ind2=" ">
    <subfield code="2">rdamedia</subfield>
    <subfield code="a">computadora</subfield>
    <subfield code="b">c</subfield>
  </datafield>
  <datafield tag="338" ind1=" " ind2=" ">
    <subfield code="2">rdacarrier</subfield>
    <subfield code="a">recurso en l&#xED;nea</subfield>
    <subfield code="b">cr</subfield>
  </datafield>
  <datafield tag="502" ind1=" " ind2=" ">
    <subfield code="b">IAEF</subfield>
    <subfield code="c">Fitotecnia</subfield>
    <subfield code="d">2024.</subfield>
    <subfield code="g">LIC</subfield>
  </datafield>
  <datafield tag="504" ind1=" " ind2=" ">
    <subfield code="a">Incluye referencias bibliogr&#xE1;ficas: p&#xE1;ginas 74-88.













































++.</subfield>
  </datafield>
  <datafield tag="520" ind1=" " ind2=" ">
    <subfield code="a">En el mundo actual, la agricultura enfrenta varios desaf&#xED;os para mantener e incrementar los rendimientos en los diferentes cultivos para satisfacer las demandas; sin embargo, esto ha incrementado las dosis de fertilizantes sint&#xE9;ticos utilizados con lo cual no solo se elevan los costos de producci&#xF3;n, sino que tambi&#xE9;n se causan da&#xF1;os de contaminaci&#xF3;n al suelo y mantos fre&#xE1;ticos. Por ello, se han orientado nuevas investigaciones hacia el desarrollo de biotecnolog&#xED;as que permitan optimizar el uso de los fertilizantes sint&#xE9;ticos, manteniendo e incrementando rendimientos sin aumentar costos de producci&#xF3;n ni causar da&#xF1;os al ambiente. Esto ha provocado que exista un inter&#xE9;s creciente por las Rizobacterias Promotoras del Crecimiento Vegetal (RPCV) las cuales hacen referencia a aquellas bacterias que habitan la rizosfera y que benefician el crecimiento y desarrollo de las plantas mediante diferentes mecanismos. As&#xED;, en m&#xFA;ltiples investigaciones realizadas, se ha demostrado el potencial de las bacterias del g&#xE9;nero Bacillus como RPCV. Este trabajo evalu&#xF3; el desarrollo vegetal y producci&#xF3;n de Zinnia elegans jack. En presencia de Bacillus megaterium y diferentes dosis de fertilizaci&#xF3;n a dosis de 250 g para el tratamiento 100% (T5), 187.5 g para el tratamiento 75% (T4), 125 g para el tratamiento 50% (T3), 62.5 g para el tratamiento 25% (T2) y 0 g para el tratamiento 0% (T1). Se realiz&#xF3; un experimento en el invernadero de Flores de corte de la Academia de Floricultura del Departamento de Fitotecnia de la Universidad Aut&#xF3;noma Chapingo en el municipio de Texcoco, Estado de M&#xE9;xico. Se estableci&#xF3; un dise&#xF1;o factorial de 2 X 5 con 10 unidades experimentales y 15 repeticiones en cada tratamiento. Se utilizaron macetas pl&#xE1;sticas negras de 6 pulgadas y para el sustrato se utiliz&#xF3; peat moss y perlita en proporci&#xF3;n 2:1, respectivamente. Durante el desarrollo del experimento se aplicaron tres fertilizaciones las cuales fueron aplicadas a los 24, 28 y 33 dds (d&#xED;as despu&#xE9;s de siembra). Se realizaron dos tomas de datos, en la etapa vegetativa a los 35 dds y posteriormente a los 67 dds en etapa reproductiva. Las variables evaluadas fueron: altura, n&#xFA;mero de ramificaciones, amplitud de la planta, n&#xFA;mero de hojas, n&#xFA;mero de botones florales, contenido de clorofila en hojas, emisi&#xF3;n de fluorescencia de la clorofila a del fotosistema II en las hojas, peso fresco de la parte a&#xE9;rea de la planta, peso fresco de ra&#xED;z, volumen de ra&#xED;z (en fresco), peso seco de la parte a&#xE9;rea de la planta y peso seco de ra&#xED;z. El an&#xE1;lisis estad&#xED;stico de los datos obtenidos se ejecut&#xF3; con ayuda de Excel, en donde se realiz&#xF3; un an&#xE1;lisis de varianza (Anova) de dos factores y la prueba de comparaci&#xF3;n de medias de Tukey. De manera general y viendo la aplicaci&#xF3;n pr&#xE1;ctica a unidades de producci&#xF3;n en campo de las condiciones que se manipularon en el experimento (inoculaci&#xF3;n con B. megaterium y los niveles de fertilizaci&#xF3;n), se concluye que el mejor tratamiento fue el T3, not&#xE1;ndose que con el 50% de fertilizaci&#xF3;n la bacteria tiene mejores resultados comparado con la aplicaci&#xF3;n del 100% de fertilizaci&#xF3;n lo cual incrementa, adem&#xE1;s, los costos de producci&#xF3;n.</subfield>
  </datafield>
  <datafield tag="650" ind1=" " ind2="4">
    <subfield code="a">Bacillus megaterium como fertilizante</subfield>
    <subfield code="9">191042</subfield>
  </datafield>
  <datafield tag="650" ind1=" " ind2="4">
    <subfield code="a">Zinnia elegans</subfield>
    <subfield code="x">Crecimiento</subfield>
    <subfield code="9">191043</subfield>
  </datafield>
  <datafield tag="650" ind1=" " ind2="4">
    <subfield code="a">Zinnia elegans</subfield>
    <subfield code="x">Rendimiento</subfield>
    <subfield code="9">191044</subfield>
  </datafield>
  <datafield tag="700" ind1="1" ind2=" ">
    <subfield code="a">Rodr&#xED;guez Elizalde, Mar&#xED;a de los Angeles</subfield>
    <subfield code="9">98460</subfield>
    <subfield code="e">director.</subfield>
  </datafield>
  <datafield tag="700" ind1="1" ind2=" ">
    <subfield code="a">Alarc&#xF3;n, Alejandro</subfield>
    <subfield code="9">3379</subfield>
    <subfield code="4">secretario.</subfield>
  </datafield>
  <datafield tag="700" ind1="1" ind2=" ">
    <subfield code="a">Colinas Le&#xF3;n, Ma. Teresa</subfield>
    <subfield code="9">148683</subfield>
    <subfield code="4">vocal.</subfield>
  </datafield>
  <datafield tag="700" ind1="1" ind2=" ">
    <subfield code="a">Mej&#xED;a Mu&#xF1;oz, Jos&#xE9; Merced</subfield>
    <subfield code="9">74277</subfield>
    <subfield code="4">suplente.</subfield>
  </datafield>
  <datafield tag="700" ind1="1" ind2=" ">
    <subfield code="a">S&#xE1;nchez Dom&#xED;nguez, Samuel</subfield>
    <subfield code="9">158308</subfield>
    <subfield code="4">suplente.</subfield>
  </datafield>
  <datafield tag="856" ind1=" " ind2=" ">
    <subfield code="u">http://10.13.5.2/tesis/tl/1412111-2_REYES_SOLORZANO_JUANANTONIO.pdf</subfield>
    <subfield code="z">DESCARGAR PDF</subfield>
  </datafield>
  <datafield tag="942" ind1=" " ind2=" ">
    <subfield code="2">Clasificaci&#xF3;n Universidad Aut&#xF3;noma Chapingo</subfield>
    <subfield code="c">TD</subfield>
  </datafield>
  <datafield tag="999" ind1=" " ind2=" ">
    <subfield code="c">220783</subfield>
    <subfield code="d">220783</subfield>
  </datafield>
  <datafield tag="952" ind1=" " ind2=" ">
    <subfield code="0">0</subfield>
    <subfield code="1">0</subfield>
    <subfield code="2">local</subfield>
    <subfield code="4">0</subfield>
    <subfield code="5">1</subfield>
    <subfield code="7">0</subfield>
    <subfield code="8">TesDigL</subfield>
    <subfield code="a">BD</subfield>
    <subfield code="b">BD</subfield>
    <subfield code="c">E_L</subfield>
    <subfield code="d">2025-08-07</subfield>
    <subfield code="l">0</subfield>
    <subfield code="o">Tesis digital</subfield>
    <subfield code="r">2025-08-07 14:24:15</subfield>
    <subfield code="w">2025-08-07</subfield>
    <subfield code="y">TD</subfield>
  </datafield>
</record>
